| 000 | 00575nam a22001937a 4500 | ||
|---|---|---|---|
| 003 | ARRUPE | ||
| 005 | 20240306113412.0 | ||
| 008 | 240306b |||||||| |||| 00| 0 eng d | ||
| 020 | _a9780582644434 | ||
| 040 | _cAJU | ||
| 050 | _aHN980.C49 1983 | ||
| 100 |
_aChambers, Robert _952529 |
||
| 245 |
_aRural development _bputting the last first _cRobert Chambers |
||
| 260 |
_aEssex _bLongman Scientific and Technicla _c1983 |
||
| 300 |
_a246p. ; _c21cm. |
||
| 650 |
_aUnderdeveloped areas _xRural poor _952530 |
||
| 650 |
_aRural development _921327 |
||
| 942 |
_2lcc _cMONOGRAPH |
||
| 999 |
_c131827 _d131827 |
||